Consumer behaviour (Record no. 79864)

MARC details
000 -LEADER
fixed length control field 00653nam a2200157 a 4500
008 - FIXED-LENGTH DATA ELEMENTS--GENERAL INFORMATION
fixed length control field 120416s1977 ||||||||||||||||| || u
050 ## - LIBRARY OF CONGRESS CALL NUMBER
Classification number HF 5415.3 How
100 ## - MAIN ENTRY--PERSONAL NAME
Personal name Howard, John A
245 10 - TITLE STATEMENT
Title Consumer behaviour
246 ## -
-- application of theory
260 ## - PUBLICATION, DISTRIBUTION, ETC.
Place of publication, distribution, etc. London
Name of publisher, distributor, etc. McGraw-Hill
Date of publication, distribution, etc. 1977
300 ## - PHYSICAL DESCRIPTION
Extent ix, 323p.
350 ## -
-- 0.00
995 ## -
-- MAIN LIBRARY OPEN ACCESS
-- 0.00
-- 005709
-- CBU-MAIN LIBRARY (Kitwe)
-- 1
-- 0.00
-- HF 5415.3 How
-- AVAILABLE
-- 005709
-- Main Library Open Access Collection
995 ## -
-- MAIN LIBRARY OPEN ACCESS
-- 0.00
-- 005710
-- CBU-MAIN LIBRARY (Kitwe)
-- 2
-- 0.00
-- HF 5415.3 How
-- AVAILABLE
-- 005710
-- Main Library Open Access Collection
999 ## -
-- 79864
-- 79864

No items available.